| 000 | 00590nam a2200205Ia 4500 | ||
|---|---|---|---|
| 005 | 20220803143327.0 | ||
| 008 | 131103s9999 xx 000 0 und d | ||
| 040 | _aLoreto College | ||
| 041 | _aEnglish | ||
| 082 |
_a821.4 _bSPE-EVA |
||
| 100 | _aEvans,Maurice | ||
| 245 |
_aSpencer's anatomy of heroism _bA commentary on the Faerie Queene _cMaurice Evans |
||
| 260 |
_aCambridge _bCambridge University Press _c1970 |
||
| 300 | _aviii,244 p. | ||
| 504 | _aIncludes index | ||
| 650 | _aEnglish Poetry | ||
| 651 | _a16th century poets - Spenser | ||
| 850 |
_aLCLIB _bPG |
||
| 942 | _cBK | ||
| 999 |
_c13135 _d63614 |
||